| 000 | 00435nam a2200169Ia 4500 | ||
|---|---|---|---|
| 008 | 131103s9999 xx 000 0 und d | ||
| 040 | _aLoreto College | ||
| 041 | _aEnglish | ||
| 082 |
_aCHBK _b#NAME? |
||
| 100 | _aChaitanya, Krishna | ||
| 245 |
_aPrincess Vasavadatta _cKrishna Chaitanya |
||
| 260 |
_aBombay _bIBH Pub. _c1969 |
||
| 300 |
_a78p. _c 20cm. |
||
| 650 | _aCHBK - 1/CHA | ||
| 850 | _aLCBED/CHBK - 1/CHA | ||
| 942 | _cBK | ||
| 999 |
_c31160 _d81639 |
||